|
|
|
|
| LEADER |
01209nam a22002897a 4500 |
| 001 |
39574 |
| 003 |
BD-DhAAL |
| 008 |
220906t2020 sz b 001 0 eng d |
| 999 |
|
|
|c 44826
|d 44826
|
| 020 |
|
|
|a 9783030337285
|
| 020 |
|
|
|a 9783030337261 (eBook)
|
| 040 |
|
|
|a BD-DhAAL
|c BD-DhAAL
|
| 082 |
|
|
|a 822.33
|2 23
|
| 100 |
|
|
|a Pope, Johnathan H.
|9 51300
|
| 245 |
|
|
|a Shakespeare's fans :
|b adapting the bard in the age of media fandom /
|c Johnathan H. Pope.
|
| 260 |
|
|
|a Cham, Switzerland :
|b Palgrave Macmillan,
|c 2020.
|
| 300 |
|
|
|a vii, 184 pages ;
|c 22 cm.
|
| 490 |
|
|
|a Palgrave studies in adaptation and visual culture
|
| 526 |
|
|
|a ENH
|
| 541 |
|
|
|a Paragon Enterprises LTD
|e 39574
|
| 600 |
|
|
|a Shakespeare, William,
|d 1564-1616
|x Criticism and interpretation.
|9 51301
|
| 650 |
|
|
|a Criticism, interpretation, etc.
|9 51302
|
| 650 |
|
|
|a English literature.
|9 51303
|
| 830 |
|
|
|a Palgrave studies in adaptation and visual culture
|9 51304
|
| 852 |
|
|
|a Ayesha Abed Library
|c General Stacks
|
| 942 |
|
|
|2 ddc
|c BK
|
| 952 |
|
|
|0 0
|1 0
|2 ddc
|4 0
|6 822_330000000000000_POP
|7 0
|9 71756
|a BRACUL
|b BRACUL
|c GEN
|d 2022-08-30
|e Paragon Enterprises LTD
|g 4300.00
|l 1
|m 1
|o 822.33 POP
|p 3010039574
|r 2023-05-29
|s 2022-12-06
|t 1
|v 4300.00
|w 2022-08-30
|y BK
|